Algorithms in Java

Gardado en:
Detalles Bibliográficos
Autor Principal: Sedgewick, Robert (Author)
Formato: Libro
Idioma:inglés
Publicado: Boston Addison-Wesley 2003
Subjects:
Tags: Engadir etiqueta
Sen Etiquetas, Sexa o primeiro en etiquetar este rexistro!

MARC

LEADER 00000nam a2200000 a 4500
001 UCJ0518
003 CL-VaPUC
008 060811e20030000US |||||||||||||||||eng|d
020 |a 0201361205v.1 
020 |a 0201361213v.2 
082 0 4 |a 005.133  |b SED  |2 21 
100 0 |a Sedgewick, Robert  |e author  |9 500753 
245 1 0 |a Algorithms in Java 
300 |a v 
942 |c BK 
945 |d 20060811 00:00:00  |a cmena 
260 |a Boston  |b Addison-Wesley  |c 2003 
500 |a v.1: Parts 1-4. Fundamentals, data structures, sorting, searching 
500 |a v.2: Part 5. Graph algorithms 
650 0 |a Programación de computadores   |9 259531 
650 0 |a Algoritmos   |9 260639 
650 0 |a Java  |9 370043 
650 0 |a Lenguajes de programación   |9 259458 
650 0 |a Estructuras de datos (Informática)  |9 260607 
583 |a last modification  |c 20140406 06:15:38  |k Rodrigo Vera 
999 |c 317351  |d 317349 
952 |0 0  |1 0  |4 0  |6 005_133000000000000_SED_2003  |7 0  |8 A  |9 393635  |a BIBING  |b BIBING  |d 2019-11-22  |h v.1  |i 4263154  |o 005.133 SED 2003  |p 4263154  |r 2024-01-25  |w 2019-11-22  |y BK  |k EII 
952 |0 0  |1 0  |4 0  |6 005_133000000000000_SED_2003  |7 0  |8 A  |9 393636  |a BIBING  |b BIBING  |d 2019-11-22  |h v.2  |i 4263162  |o 005.133 SED 2003  |p 4263162  |r 2025-01-20  |w 2019-11-22  |y BK  |k EII